[Event "25th Zadar Open 2018"]
[Site "Zadar"]
[Date "2018.12.15"]
[Round "1.1"]
[White "Petrov, Nikita"]
[Black "Nester, Ihor"]
[Result "1-0"]
[WhiteElo "2593"]
[BlackElo "2337"]
[Annotator "TA"]
[PlyCount "135"]
[EventDate "2018.12.15"]
[EventType "swiss"]
[EventCountry "CRO"]
[SourceTitle "playchess.com"]
[Source "ChessBase"]
[SourceQuality "1"]

{[%evp 16,135,41,56,55,0,0,0,9,9,5,4,0,0,32,35,40,41,52,18,30,52,44,41,91,63,70,69,68,73,68,34,34,4,6,8,8,8,8,8,7,0,7,0,0,0,0,-13,0,0,0,0,20,28,37,99,317,237,252,252,1101,299,297,244,236,252,243,245,252,252,252,85,91,60,60,60,61,61,61,61,61,61,61,61,61,61,61,61,64,64,64,64,74,39,64,39,55,66,51,29,29,30,39,38,47,26,338,293,29986,29987,29987,29986,29982,0,29982,557,2335,1647,29973,29974,29992,29993]} 1. Nf3 f5 2. d3 Nc6 3. e4 e5 4. d4 fxe4 5. Nxe5 Nf6 6. Bc4 {C40: Latvian and Elephant Gambits} d5 7. Bb5 Bd7 8. c4 Bb4+ 9. Nc3 {LiveBook: 3 Games} Qe7 $146 ({Predecessor:} 9... O-O 10. O-O Qe7 11. Nxd7 Qxd7 12. cxd5 Nxd5 13. Nxe4 {1-0 (53) Howell,D (2676)-Rendle,T (2362) London 2017}) 10. O-O (10. Bxc6 {looks sharper.} Bxc6 11. O-O Bxc3 12. bxc3 dxc4 13. Nxc4 O-O 14. Ne5) 10... Nxe5 11. dxe5 Bxc3 $1 12. bxc3 Qxe5 13. Bxd7+ Nxd7 14. Rb1 O-O 15. Rxb7 Nb6 16. cxd5 Nxd5 17. Qb3 Kh8 18. c4 Nf4 $1 {[%cal Rf4e2]} 19. Bxf4 Qxf4 20. Qe3 Qe5 21. Rxa7 h6 22. Rxa8 Rxa8 $14 {[%mdl 4096] Endgame KQR-KQR} 23. Qe2 Rb8 24. a4 Rb2 25. Qe3 Rb4 26. a5 {Threatens to win with Qa3.} Rxc4 27. Qa3 {Black must now prevent a6.} Rc3 28. Qf8+ Kh7 29. a6 e3 30. fxe3 Qxe3+ 31. Kh1 {Threatening Qf5+.} Rc1 32. Qf5+ Kh8 33. Qf8+ Kh7 34. h3 Rxf1+ 35. Qxf1 $11 {KQ-KQ} Qb6 $2 (35... Qa3 $16) 36. Qa1 Qa7 37. Qb1+ Kh8 $2 (37... g6) 38. Qb7 $2 (38. Qb5) 38... Qc5 $18 39. Qb8+ (39. a7 Qc1+ 40. Kh2 Qf4+ 41. g3 Qf2+ 42. Kh1 Qe1+ 43. Kh2 Qf2+ 44. Kh1 Qf1+ 45. Kh2 Qf2+ $11) 39... Kh7 {[#] intending ...Qc1+.} 40. Qb1+ $1 ({Stronger than} 40. a7 Qc1+ 41. Kh2 Qf4+ 42. g3 Qf2+ 43. Kh1 Qf3+ 44. Kg1 Qd1+ 45. Kh2 Qe2+ 46. Kh1 (46. Kg1 Qe1+ {[%mdl 64] Double Attack} 47. Kh2 Qf2+ 48. Kh1 Qf1+ 49. Kh2 Qf2+ $11) 46... Qe1+ 47. Kh2 Qf2+ 48. Kh1 Qf1+ 49. Kh2 Qf2+ $11) 40... Kh8 41. Qa2 ({Much less strong is} 41. Qb8+ Kh7) 41... Qa7 42. Kh2 h5 43. Qc4 $2 (43. Qa4 $18 {is the precise move to win.} g6 44. Qa3) 43... Qb6 $16 44. Qa4 Qd6+ $1 45. Kh1 Qe5 $1 46. Qd1 {Hoping for a7.} Qa5 $1 47. Qd8+ Kh7 48. Qd3+ Kh8 49. Qe2 h4 $1 50. Qe8+ Kh7 51. Qe4+ Kg8 52. Qc4+ Kf8 53. Kg1 g5 54. Kf2 Ke7 55. Kf3 {aiming for Kg4.} Qf5+ $1 56. Ke3 Qa5 57. Qc6 {Ke4 is the strong threat.} Qe1+ 58. Kf3 {Strongly threatening Qe4+.} Qg3+ $1 59. Ke2 Qe5+ 60. Kd3 Qa5 $2 {[%mdl 8192]} (60... Kd8 $1 $11 {and Black is okay.}) 61. Ke4 $18 Kf8 $2 (61... Qe1+ $18 62. Kf5 Qf2+ 63. Kg6 Qf7+ 64. Kxg5 Qg8+ 65. Kf5 Qf7+ 66. Ke4 Qa2 67. Qxc7+ Kf6 68. Qd6+ Kg7) 62. Qf6+ Kg8 63. Qg6+ Kh8 64. Qf6+ Kg8 65. Kf3 (65. Qe6+ $142 Kh8 66. Qe5+ Qxe5+ 67. Kxe5 Kg7 68. a7 g4 69. a8=Q gxh3 70. gxh3) 65... Qd5+ {[#]} 66. Kg4 $1 Qxg2+ 67. Kh5 Qe2+ 68. Kh6 {Accuracy: White = 64%, Black = 61%.} 1-0

[Event "25th Zadar Open 2018"]
[Site "Zadar"]
[Date "2018.12.15"]
[Round "1.2"]
[White "Spalir, Jernej"]
[Black "Djukic, Nikola"]
[Result "1/2-1/2"]
[WhiteElo "2336"]
[BlackElo "2574"]
[Annotator "TA"]
[PlyCount "81"]
[EventDate "2018.12.15"]
[EventType "swiss"]
[EventCountry "CRO"]
[SourceTitle "playchess.com"]
[Source "ChessBase"]
[SourceQuality "1"]

{[%evp 36,81,0,0,0,0,0,0,0,0,28,0,0,0,0,0,0,0,0,0,0,0,0,0,0,0,0,0,0,0,0,0,0,0,0,0,0,0,0,0,0,0,0,0,0,0,0,0]} 1. d4 Nf6 2. c4 g6 3. Nc3 d5 4. Nf3 Bg7 5. cxd5 Nxd5 6. e4 Nxc3 7. bxc3 c5 8. Bb5+ Nc6 9. O-O cxd4 10. cxd4 O-O 11. Be3 Bg4 12. Bxc6 bxc6 13. Rc1 Qa5 14. Qd2 Qxd2 {D85: Exchange Grünfeld: Unusual White 7th moves and lines with 7 Nf3} 15. Nxd2 Rfd8 16. Nb3 a5 {[%cal Ba7a5,Ba5a4][%mdl 32]} 17. Rxc6 a4 18. Nc5 Bxd4 19. Bxd4 {LiveBook: 16 Games} Rxd4 20. f3 Rc8 21. Rxc8+ Bxc8 $11 {[%mdl 4096] Endgame KRB-KRN} 22. Rc1 {[#]} Be6 $146 (22... a3 {keeps more tension.} 23. h4 Rd6 24. Rc3 Rc6 25. Kf2 Be6) 23. Nxe6 (23. a3 {with more complications.} Bb3 24. Nxb3 axb3 25. Rb1 Rd3 26. Rb2) 23... fxe6 {KR-KR. The position is equal.} 24. Rc2 Kf7 25. Kf2 Rd3 26. h4 Kf6 27. Kg3 Ra3 28. Kf4 e5+ 29. Kg4 h5+ 30. Kg3 Ke6 31. Rc6+ Kf7 32. Rc2 Kf6 33. Rc6+ e6 34. Rc2 Rd3 35. Rc4 Ra3 36. Rc2 Rd3 37. Rc4 a3 {White should prevent ...Rd2.} 38. Ra4 Rc3 39. Ra5 Rd3 40. Ra7 Rc3 41. Ra5 {Accuracy: White = 63%, Black = 83%.} 1/2-1/2

[Event "25th Zadar Open 2018"]
[Site "Zadar"]
[Date "2018.12.15"]
[Round "1.3"]
[White "Brkic, Ante"]
[Black "Muha, Miljenko"]
[Result "1-0"]
[WhiteElo "2563"]
[BlackElo "2334"]
[Annotator "TA"]
[PlyCount "71"]
[EventDate "2018.12.15"]
[EventType "swiss"]
[EventCountry "CRO"]
[SourceTitle "playchess.com"]
[Source "ChessBase"]
[SourceQuality "1"]

{[%evp 23,71,0,0,-43,-8,-17,17,-34,0,0,0,-31,0,0,0,-3,-8,0,0,0,0,0,419,414,393,364,414,407,368,371,643,607,739,768,723,776,742,703,961,910,1453,1411,1457,1422,2163,6587,29993,29994,29997,29998]} 1. e4 e6 2. d4 d5 3. Nc3 Bb4 4. e5 c5 5. a3 Bxc3+ 6. bxc3 Qa5 7. Bd2 Qa4 8. Qg4 Kf8 9. h4 {[%cal Bh2h4,Bh4h5][%mdl 32]} Ne7 10. h5 {C18: French: 3 Nc3 Bb4: Main line: 7 h4 and 7 Qg4} h6 11. Qd1 b6 12. Rh4 Ba6 {LiveBook: 3 Games} 13. Bxa6 (13. Nf3 {is interesting.} Bxf1 14. Kxf1 Qa6+ 15. Qe2 Qxe2+ 16. Kxe2 c4 17. a4) 13... Nxa6 (13... Qxa6 14. Rf4 Ke8 15. Qf3 Rf8 16. Qg4 Rg8 17. Qf3 Rf8 {½-½ (17) Perunovic,M (2611)-Markus,R (2671) Kragujevac 2017}) 14. Rf4 cxd4 $146 ({Predecessor:} 14... g5 15. hxg6 Nxg6 16. Rf6 Ke7 {½-½ (26) Verleur,J (2379)-Torsteinsson,T ICCF email 2011}) 15. Nf3 (15. cxd4 $11 Rc8 16. Qf3) 15... Nc6 16. cxd4 Rc8 17. Nh4 {Black must now prevent Ng6+.} Ke7 18. Qg4 Rhg8 {...Nab4! is the strong threat.} 19. c3 Na5 20. Qf3 $36 {[%mdl 2048] White fights for an advantage.} Rgf8 21. Rg4 Nb3 22. Rxg7 Nxa1 $4 {[%mdl 8192]} (22... Ke8 $11 23. Rb1 Nxd2 24. Kxd2 Qxa3) 23. Ng6+ $1 $18 {[%mdl 64] [#] Double Attack} Kd7 24. Rxf7+ ({Not} 24. Nxf8+ Rxf8 25. Rxf7+ Rxf7 $16) 24... Rxf7 25. Qxf7+ Kc6 26. Ne7+ {[%mdl 64] Double Attack} Kb5 $2 (26... Kb7) 27. Nxc8 {[%mdl 64] [#] Discovered Attack} Nc2+ 28. Ke2 {Qd7+ would kill now.} Qc4+ 29. Kd1 {Strongly threatening Nd6+.} Qxc8 30. Kxc2 Nc7 31. Bxh6 a5 32. Bd2 Ka4 33. Kb2 Qa6 34. Qd7+ Nb5 35. Qc6 Qa7 36. c4 {Accuracy: White = 60%, Black = 31%.} 1-0

[Event "25th Zadar Open 2018"]
[Site "Zadar"]
[Date "2018.12.15"]
[Round "1.4"]
[White "Sinanovic, Muhamed"]
[Black "Saric, Ibro"]
[Result "0-1"]
[WhiteElo "2325"]
[BlackElo "2559"]
[Annotator "TA"]
[PlyCount "74"]
[EventDate "2018.12.15"]
[EventType "swiss"]
[EventCountry "CRO"]
[SourceTitle "playchess.com"]
[Source "ChessBase"]
[SourceQuality "1"]

{[%evp 19,74,34,44,44,44,44,35,31,34,24,49,45,38,49,42,24,47,29,83,82,81,75,78,70,69,26,28,18,31,16,19,23,27,17,13,0,3,0,14,10,7,6,0,-8,-3,-8,-8,-8,-4,-17,0,-111,-110,-784,-784,-779,-777]} 1. c4 e6 2. Nf3 d5 3. g3 g6 4. Bg2 Bg7 5. O-O Ne7 6. d4 O-O 7. Nbd2 Nbc6 8. e3 a5 9. b3 b6 10. Bb2 Ba6 {LiveBook: 4 Games. A13: English Opening: 1...e6} (10... Bb7 11. a3 Qd7 12. Qc2 f5 13. Rac1 Rac8 14. Rfd1 h6 15. Bc3 Qe8 16. b4 axb4 17. axb4 Nd8 18. c5 {½-½ (54) Kortschnoj,V (2655)-Short,N (2660) Skelleftea 1989}) 11. Re1 Re8 $146 ({Predecessor:} 11... Nb4 12. Qb1 a4 13. Ne5 axb3 14. axb3 c5 15. Bc3 Nec6 16. Ndf3 cxd4 17. Nxc6 Nxc6 18. Nxd4 Nxd4 19. Bxd4 Bxd4 20. exd4 {1-0 (48) Iordachescu,V (2440)-Aleksandrov,A (2535) Moscow 1996}) 12. Bf1 a4 {White is slightly better.} 13. Bc3 axb3 14. axb3 Bb7 15. Rxa8 Qxa8 16. Qc2 Qa3 17. Ra1 Qd6 18. Qb2 Ra8 (18... Qd8 $11) 19. Rxa8+ $16 Bxa8 20. c5 Qd8 21. b4 Na7 22. b5 {And now c6 would win.} c6 $1 23. bxc6 bxc5 24. dxc5 Bxc3 25. Qxc3 Nexc6 26. Nb3 Qb8 27. Be2 e5 28. h4 Qb7 29. h5 f6 30. hxg6 hxg6 31. Na5 Qb1+ 32. Kg2 Qa2 33. Nxc6 Nxc6 34. Bb5 Kg7 35. Bxc6 (35. g4 $11) 35... Bxc6 $17 36. g4 $2 {[%mdl 8192] [#]} (36. Kf1 $17) 36... d4 $1 $19 {[%mdl 512]} 37. exd4 {[#]} e4 $1 {Accuracy: White = 51%, Black = 70%.} 0-1

[Event "25th Zadar Open 2018"]
[Site "Zadar"]
[Date "2018.12.15"]
[Round "1.5"]
[White "Martinovic, Sasa"]
[Black "Biliskov, Vjekoslav"]
[Result "1-0"]
[WhiteElo "2554"]
[BlackElo "2313"]
[Annotator "TA"]
[PlyCount "59"]
[EventDate "2018.12.15"]
[EventType "swiss"]
[EventCountry "CRO"]
[SourceTitle "playchess.com"]
[Source "ChessBase"]
[SourceQuality "1"]

{[%evp 13,59,14,20,6,17,0,0,3,30,19,24,10,10,8,24,24,24,24,32,29,35,26,37,20,36,25,47,10,14,0,7,-10,0,0,56,52,65,26,125,122,116,123,118,118,127,139,715,725]} 1. d4 d5 2. c4 e6 3. Nf3 Bb4+ 4. Bd2 a5 5. e3 Nf6 6. Nc3 O-O 7. Rc1 {E11: Bogo-Indian} (7. Qc2 b6 8. cxd5 exd5 9. a3 Be7 10. Bd3 Re8 11. O-O Bf8 12. e4 dxe4 13. Nxe4 Nbd7 14. Neg5 Bd6 15. Bc4 Re7 16. Nxf7 Rxf7 17. Bxf7+ Kh8 18. Rfe1 Bb7 19. Ng5 Qf8 20. Be6 Bd5 21. Bxd5 {1-0 (21) Bacrot,E (2695)-Van Wely,L (2695) chess.com INT 2017}) 7... b6 {LiveBook: 3 Games} 8. cxd5 exd5 9. Ne5 {The position is equal.} Bb7 10. Bd3 Be7 $146 ({Predecessor:} 10... c6 11. O-O Bd6 12. f4 Ba6 13. Be1 Bxd3 14. Qxd3 Ne8 15. Rf3 f5 16. Rh3 Nc7 {½-½ (58) Hofman,R (2280)-Winants,L (2440) Ostend 1987}) 11. O-O c5 12. Be1 Nc6 13. f3 cxd4 14. Nxc6 Bxc6 15. Ne2 Bb7 16. Nxd4 Nd7 17. Bb5 Ne5 18. Bg3 Bf6 19. b3 Rc8 20. Qd2 Rc5 21. a4 Qe7 22. Rxc5 bxc5 23. Ne2 $36 {[%cal Bd4e2,Be2f4,Bf4d5][%mdl 2080] White fights for an advantage.} d4 (23... Nc6 $11) 24. exd4 cxd4 25. Nf4 ({Of course not} 25. Qxa5 d3 $15) 25... Nc6 (25... Rd8 $11) 26. Nd5 $16 Qd8 27. Nxf6+ Qxf6 28. Re1 Rd8 29. Qf4 Rc8 $2 {[%mdl 8192] [#]} (29... Qxf4 $16 30. Bxf4 g6) 30. Qc7 $1 {[%mdl 512] Accuracy: White = 64%, Black = 36%.} 1-0

[Event "25th Zadar Open 2018"]
[Site "Zadar"]
[Date "2018.12.15"]
[Round "1.6"]
[White "Krstulovic, Alex"]
[Black "Cvitan, Ognjen"]
[Result "1/2-1/2"]
[WhiteElo "2313"]
[BlackElo "2503"]
[Annotator "TA"]
[PlyCount "123"]
[EventDate "2018.12.15"]
[EventType "swiss"]
[EventCountry "CRO"]
[SourceTitle "playchess.com"]
[Source "ChessBase"]
[SourceQuality "1"]

{[%evp 26,123,59,53,43,30,86,75,106,60,166,95,157,-24,37,29,39,-106,-110,-139,-138,-143,-168,-164,-123,-140,-107,-124,-95,-113,-114,-177,-109,-146,-137,-224,-234,-210,-60,-59,-56,-50,-44,-52,-52,-46,-26,-25,-17,-37,0,-18,0,-21,0,-4,-6,-6,0,-4,0,0,0,0,0,-10,0,-55,-48,-75,-75,-75,-72,-76,-87,-83,-47,-56,-20,-22,-21,-23,-23,-18,-18,-43,-44,-37,-43,-37,-17,-42,0,-8,-8,-8,-8,-8,0,0]} 1. d4 Nf6 2. c4 e6 3. Nf3 {[%cal Bg1f3,Bf3d2,Bd2e4,Be4g3][%mdl 32]} c5 4. d5 d6 5. Nc3 exd5 6. cxd5 g6 7. Nd2 Bg7 8. e4 O-O 9. Be2 Ne8 {A72: Modern Benoni: Classical: Lines with Bg5} (9... Re8 10. O-O Na6 11. Kh1 Nc7 12. f3 Nd7 13. a4 b6 14. Nc4 Ne5 15. Bf4 Nxc4 16. Bxc4 a6 17. Qe1 h5 18. h4 Rb8 19. Qg3 Bf8 20. Rfe1 b5 21. e5 dxe5 22. Rxe5 {1-0 (46) Eljanov,P (2739)-Salem,A (2638) Geneva 2017}) 10. O-O f5 11. exf5 Bxf5 12. Nde4 Na6 13. Bg5 Nf6 14. Ng3 {LiveBook: 3 Games} Bd7 15. Qd2 Qb6 (15... Rf7 $11 {keeps the balance.}) 16. h4 Nc7 17. h5 Be8 $146 {[#]} (17... gxh5 $1 $14 18. Rae1 Qb4) ({Predecessor:} 17... gxh5 18. Nxh5 Nxh5 19. Bxh5 {0-1 (37) Ivanov,M (2497)-Kurmann,O (2415) Marianske Lazne 2009}) 18. hxg6 (18. Rae1 $1 $18) 18... hxg6 (18... Bxg6 $142 19. f4 Rae8) 19. f4 $2 (19. Rae1 $16) 19... Qb4 ({Better is} 19... c4+ $1 $11 20. Kh2 Kf7) 20. Rad1 $14 Nh7 21. a3 (21. Be7 $14 {stays ahead.}) 21... Qd4+ $17 22. Qxd4 Bxd4+ 23. Kh2 Nxg5 24. fxg5 Rxf1 25. Rxf1 Kg7 26. Nge4 Be5+ 27. g3 Bd7 28. Kg1 (28. Rd1 $17) 28... Bf5 (28... Bh3 $19 {And now ...Bxc3 would win.} 29. Rf3 Bd4+ 30. Nf2 Bg4) 29. Bf3 Re8 30. g4 (30. Nf6 $17 Rh8 31. Re1) 30... Bxe4 $19 31. Nxe4 Nxd5 {[#]} (31... Bd4+ $19 32. Nf2 Re5) 32. Nxd6 $1 $15 {[%mdl 512]} Bd4+ (32... Bxd6 33. Bxd5) 33. Kh2 Rh8+ 34. Kg3 Be5+ 35. Kf2 Nf4 36. Nc4 Nh3+ 37. Kg2 Nf4+ (37... Bb8 {keeps more tension.} 38. Bxb7 Nxg5 39. Kf2 Rd8 40. Ke2 Nh3) 38. Kf2 Nh3+ 39. Kg2 $1 Bd4 {Strongly threatening ...b5.} (39... Bb8 {is interesting.} 40. Bxb7 Nxg5 41. Kf2 Rd8 42. Ke2 Nh3) 40. Bxb7 Nxg5 41. Re1 Rd8 42. Bc6 Bf6 43. b3 Rd3 44. Re3 Rd1 45. Bf3 Rc1 46. Rd3 ({White should try} 46. Bd5 $11) 46... Bd4 47. Bd5 Rg1+ 48. Kh2 {aiming for Rxd4!} Rxg4 49. Rg3 Rh4+ 50. Kg2 Bf6 51. Nd6 {Black must now prevent Ne8+.} Kf8 52. Nb7 Rd4 53. Bc4 Rd2+ 54. Kf1 Ne4 55. Rxg6 Rf2+ 56. Kg1 {Hoping for Rg8+.} Bd4 57. Kh1 Ra2 58. Nd8 Nf2+ 59. Kg2 {The position is equal.} Nd3+ 60. Kg3 Bf2+ 61. Kh2 {Ne6+ is the strong threat.} Bh4+ 62. Rg2 {Accuracy: White = 56%, Black = 37%.} 1/2-1/2

[Event "25th Zadar Open 2018"]
[Site "Zadar"]
[Date "2018.12.15"]
[Round "1.7"]
[White "Blagojevic, Dragisa"]
[Black "Bratovic, Blaz"]
[Result "1-0"]
[WhiteElo "2497"]
[BlackElo "2307"]
[Annotator "TA"]
[PlyCount "94"]
[EventDate "2018.12.15"]
[EventType "swiss"]
[EventCountry "CRO"]
[SourceTitle "playchess.com"]
[Source "ChessBase"]
[SourceQuality "1"]

{[%evp 22,94,48,22,21,25,43,43,58,61,60,50,62,60,127,137,186,55,48,28,44,27,47,32,20,0,42,54,63,39,81,77,79,52,45,53,50,0,0,0,43,50,191,191,378,360,515,508,560,539,533,386,386,262,373,355,386,361,306,240,337,326,676,702,762,674,797,780,900,908,2011,1937,2029,1932,5808]} 1. d4 Nf6 2. c4 g6 3. Nf3 Bg7 4. g3 O-O 5. Bg2 d6 6. O-O Nc6 7. Nc3 e5 8. dxe5 dxe5 9. Bg5 Be6 10. Qc1 {E62: King's Indian: Fianchetto: 6...c6 and Panno Variation (6...Nc6) without ...a6} Qc8 11. Rd1 Nd7 12. Nd5 {LiveBook: 4 Games. White is slightly better.} f6 13. Bh6 $146 ({Predecessor:} 13. Be3 Nb6 14. Nd2 f5 15. Nb3 e4 16. Nc5 Bf7 17. f3 exf3 18. exf3 {0-1 (92) Cheparinov,I (2710)-Onischuk,V (2637) Riadh 2017}) 13... Nb6 14. b3 Rd8 {[%cal Rb6d5]} 15. Bxg7 Kxg7 16. Ne1 Rd7 17. Qb2 Nd8 (17... Qf8 $14) 18. Nd3 $16 c6 {[#]} 19. Nc3 (19. Nxf6 $1 $18 {[%mdl 512]} Kxf6 20. Qxe5+ Kf7 21. Qh8) 19... Nf7 $14 20. Ne4 Qc7 21. Nec5 Re7 22. Nxe6+ Rxe6 23. Rd2 Qe7 24. Rad1 Rd8 25. Qc3 Nc8 26. c5 Qc7 27. f4 Ree8 28. fxe5 Nxe5 29. Nf4 {Black must now prevent Rxd8.} Rxd2 30. Rxd2 Qf7 31. Bh3 f5 {[#]} ({Black should try} 31... h5 $14) 32. e4 $1 $18 {[%cal Re4f5][%mdl 512]} g5 $2 (32... Kg8 {is a better defense.} 33. exf5 gxf5) (32... fxe4 33. Rd7) 33. Bxf5 {Hoping for Rd7.} gxf4 (33... Kf8 $142 34. Ne2 Kg8) 34. gxf4 {[%cal Bg3f4,Bf4e5,Be5e6][%mdl 32]} Kf8 35. fxe5 Ne7 36. e6 Qg7+ 37. Qxg7+ Kxg7 {[%mdl 4096] Endgame KRB-KRN} 38. Rd7 Kf6 39. Rxb7 a5 40. Ra7 h5 (40... Nxf5 {might work better.} 41. exf5 Kxf5 42. Rxh7 (42. Rxa5 Kxe6 43. Ra7 h5 $18) 42... Rxe6) 41. Rxa5 Rd8 $2 (41... Nxf5 42. exf5 Kxf5) 42. Ra7 {White is clearly winning.} Rd2 43. b4 Rb2 44. a3 {[%cal Ba2a3,Ba3a4][%mdl 32]} Re2 45. a4 Nxf5 46. exf5 Kxf5 47. e7 h4 {Accuracy: White = 59%, Black = 20%.} 1-0

[Event "25th Zadar Open 2018"]
[Site "Zadar"]
[Date "2018.12.15"]
[Round "1.8"]
[White "Sokac, Marko"]
[Black "Krzyzanowski, Marcin"]
[Result "1/2-1/2"]
[WhiteElo "2301"]
[BlackElo "2491"]
[Annotator "TA"]
[PlyCount "124"]
[EventDate "2018.12.15"]
[EventType "swiss"]
[EventCountry "CRO"]
[SourceTitle "playchess.com"]
[Source "ChessBase"]
[SourceQuality "1"]

{[%evp 19,124,38,48,11,15,14,13,11,12,0,0,-6,0,0,0,0,0,-3,0,-8,-6,-7,-7,-6,0,0,4,0,0,0,0,0,0,-2,0,0,0,0,0,-7,-4,-8,-16,-14,0,0,0,0,0,0,0,0,0,0,0,0,0,0,0,0,0,0,0,0,0,0,0,0,0,0,0,0,0,0,0,0,0,0,0,0,0,0,0,0,0,0,0,0,0,0,0,0,0,0,0,0,0,0,0,0,0,0,0,0,0,0,0]} 1. e4 c5 2. Nf3 d6 3. d4 cxd4 4. Nxd4 Nf6 5. Nc3 a6 6. Be3 e5 7. Nb3 Be6 8. h3 {B90: Sicilian Najdorf: Unusual White 6th moves, 6 Be3 Ng4 and 6 Be3 e5} (8. f3 Be7 9. Qd2 O-O 10. O-O-O Nbd7 11. g4 b5 12. g5 Nh5 13. Nd5 Bxd5 14. exd5 f6 15. gxf6 Bxf6 16. Kb1 Nf4 17. Na5 Nb6 18. Nc6 Qc7 19. Bxf4 exf4 20. c3 Rae8 21. Rg1 {½-½ (88) So,W (2776)-Wojtaszek,R (2727) Batumi 2018}) 8... h5 9. f4 exf4 10. Bxf4 Nc6 {LiveBook: 9 Games} 11. Qd2 (11. Qf3 {seems wilder.} h4 12. O-O-O Nh5 13. Nd5 Nxf4 14. Nxf4 Bd7 15. Kb1) 11... d5 {The position is equal.} 12. exd5 Nxd5 13. Nxd5 Qxd5 14. Qxd5 Bxd5 15. O-O-O $132 {[%mdl 2048] White is not keeping still} Rd8 $146 ({Predecessor:} 15... O-O-O) 16. c4 Be6 17. Rxd8+ Kxd8 18. Be2 Be7 19. Rd1+ Kc8 20. Nd4 Nxd4 21. Rxd4 Bf6 22. Rd1 g5 23. Be3 g4 24. hxg4 hxg4 25. Bf4 Rh5 26. Rd5 Rh4 27. Rd1 g3 28. Bxg3 Re4 29. Bf1 Bxc4 30. Bxc4 Rxc4+ $11 {[%mdl 4096] Endgame KRB-KRB} 31. Kb1 Bg5 32. Be1 Rg4 33. g3 Kc7 34. Kc2 Kc6 35. Rd3 Be7 36. Bc3 Bd6 37. Rf3 Rxg3 38. Rxf7 b6 39. Rf2 a5 40. a4 Rg4 41. b3 Rg3 42. Re2 Rh3 43. Rg2 Rf3 44. Re2 Bc5 45. Re6+ Kd5 46. Re5+ Kd6 47. Re2 Be3 48. Rg2 Kd5 49. Re2 Bf4 50. Rg2 Rf1 51. Re2 Rc1+ 52. Kb2 Rh1 53. Kc2 Rh3 54. Rg2 Rh6 55. Re2 Rc6 56. Kd3 Rg6 57. Kc2 Rg3 58. Kb2 Rf3 59. Kc2 Rg3 60. Kb2 Rf3 61. Kc2 Rg3 62. Kb2 Rf3 {Accuracy: White = 89%, Black = 76%.} 1/2-1/2

[Event "25th Zadar Open 2018"]
[Site "Zadar"]
[Date "2018.12.15"]
[Round "1.12"]
[White "Zelic, Mladen"]
[Black "Plenca, Jadranko"]
[Result "1-0"]
[WhiteElo "2274"]
[BlackElo "2475"]
[Annotator "TA"]
[PlyCount "41"]
[EventDate "2018.12.15"]
[EventType "swiss"]
[EventCountry "CRO"]
[SourceTitle "playchess.com"]
[Source "ChessBase"]
[SourceQuality "1"]

{[%evp 14,41,-21,-36,-45,-41,-34,-77,-89,-63,-77,-94,10,0,0,0,133,155,912,908,29989,29990,29990,1070,29992,29993,29994,29991,29995,29996]} 1. e4 e5 2. f4 d5 3. exd5 exf4 4. Nf3 Nf6 5. Nc3 Nxd5 6. Nxd5 Qxd5 7. d4 Bd6 8. c4 {LiveBook: 3 Games. C36: King's Gambit Accepted: 3 Nf3 d5} Qe6+ (8... Qe4+ 9. Kf2 Bf5 10. c5 Be7 11. Bb5+ {1-0 (11) Bindrich,F (2588)-Zelbel,P (2440) Berlin 2018}) 9. Kf2 Qf6 10. c5 {Black is slightly better.} Be7 11. Qd2 g5 12. b4 Be6 $146 ({Black should play} 12... g4 $17 13. Ne5 Nd7 14. Nxd7 Bxd7 15. Qxf4 O-O-O) ({Predecessor:} 12... Bf5 13. Bb2 O-O 14. d5 Qh6 15. Qd4 f6 16. Bc4 Kg7 17. Rae1 Bd8 18. d6 cxd6 19. Qxd6 Bg6 20. h4 {1-0 (20) Rut,V-Kuebler,A ICCF corr 1991}) 13. d5 $36 {[%cal Bd4d5,Bd5e6,Be6e7][%mdl 2080] White is pushing.} Qxa1 14. dxe6 Bf6 {[#]} (14... f6 $11 {remains equal.}) 15. Bc4 $1 $16 {[%mdl 1024] White has strong compensation.} (15. exf7+ Kf8 $16) 15... Kf8 $2 {[#]} (15... fxe6 $16 16. Bxe6 Kf8) 16. e7+ $1 $18 {[%mdl 512]} Kg7 (16... Bxe7 17. Bb2) 17. Qd5 Qc3 18. Bd2 (18. Qxf7+ $142 Kh6 19. h4 (19. e8=B Rxe8 20. Qxe8 Qxc4 $18) (19. Qf8+ Bg7 $16) 19... Bd4+ 20. Nxd4 Qxd4+ 21. Ke2 Qe5+ 22. Kf1 gxh4 23. Rxh4+ {[%mdl 64] Double Attack} Kg5 24. Rh5+ {[%mdl 64] Skewer} Kg4 25. Rxe5 Rf8 26. exf8=N h6 27. Qxf4#) 18... Qb2 19. h4 {White mates.} g4 20. Qxf7+ Kh6 21. Qf8+ {Accuracy: White = 46%, Black = 33%.} 1-0